000 00313nam a2200133Ia 4500
008 190216s9999||||xx |||||||||||||| ||und||
100 _aRajam. J.B And Arora. C.L
245 2 _aA Text Book Of Heat
250 _a9th Ed.
260 _bSulthan Chand &co
_c1981
300 _a576
650 _aPhysics
942 _cBK
999 _c32712
_d32712